000 00551nam a2200205Ia 4500
005 20250923145948.0
008 008 250917s9999 xx 000 0 eng d
037 _aTextual
040 _aDSWL
_beng
_cDSWL
041 _aeng
_2eng
084 _qDSWL
100 _aFaundez, J.
_9840759
245 0 _aAffirmative Action : International Perspectives
_c by J. Faundez
260 _aGeneva
_b International Labour Office
_c1994
300 _a62 p.
365 _aINR
_b446.25
925 _g446.25
942 _cTEXL
999 _c1457859
_d1457859